000 00817cam a22002057a 4500
008 180718b2000 xxu||||| |||| 00| 0 eng d
082 _aP422x5462 An89
100 _aAnuradha De
245 _aPrimary education in Himachal Pradesh: examining a success story
_cby Anuradha De, Claire Noronha and Meera Samson
260 _aNew Delhi
_bNational Institute of Educational Planning and Administration
_c2000
300 _a37+p.
440 _aYear 2000 assessment: education for all
650 _aEducation, Primary - India - Himachal Pradesh
700 _aUnesco
700 _aIndian National Commission for Cooperation
700 _aIndia. Ministry of Human Resource Development
700 _aNational Institute of Educational Planning and Administration
700 _aSamson, Meera
700 _aNoronha, Claire
999 _c490370
_d490370